[Event "Almaty zt 3.4 (Women)"]
[Site "Almaty"]
[Date "2025.04.05"]
[Round "5"]
[White "Omonova, Umida"]
[Black "Bauyrzhan, Arnash"]
[Result "1/2-1/2"]
[WhiteElo "2263"]
[BlackElo "1959"]
[PlyCount "89"]
[EventDate "2025.04.02"]
[EventType "swiss"]
[EventRounds "9"]
[EventCountry "KAZ"]
[SourceTitle "CB15_2025"]
[SourceDate "2025.04.09"]
[SourceVersion "1"]
[SourceVersionDate "2025.04.09"]
[SourceQuality "1"]

1. e4 c5 2. Nf3 e6 3. d4 cxd4 4. Nxd4 a6 5. Bd3 Bc5 6. Nb3 Ba7 7. Qe2 Ne7 8. Be3 0-0 9. Nc3 b5 10. a3 Nbc6 11. Rd1 Qc7 12. 0-0 Ne5 13. Bf4 N7g6 14. Bg3 Bb7 15. Kh1 f5 16. f3 Rae8 17. Qd2 Qd8 18. Bf2 Bxf2 19. Qxf2 fxe4 20. Bxe4 Bxe4 21. Nxe4 d5 22. Nec5 Qd6 23. Rfe1 Rf4 24. Qg3 Ref8 25. Nd3 Nxd3 26. Rxd3 e5 27. Red1 Ne7 28. h3 h5 29. Qe1 Qc7 30. Nc1 e4 31. Rc3 Qb7 32. Ne2 R4f6 33. Nd4 Nf5 34. Nxf5 Rxf5 35. fxe4 dxe4 36. Kh2 Rf2 37. Qe3 Qb8+ 38. Kg1 R2f4 39. Rc5 Qb6 40. b4 Qg6 41. Rd7 Kh7 42. Rdd5 R8f5 43. Re5 h4 44. Rxf5 Rxf5 45. Qd4 1/2-1/2

[Event "KAZ-ch (Women)"]
[Site "Astana"]
[Date "2024.12.02"]
[Round "2"]
[White "Bauyrzhan, Arnash"]
[Black "Kaldarova, Ayaulym"]
[Result "0-1"]
[WhiteElo "1945"]
[BlackElo "2144"]
[PlyCount "92"]
[EventDate "2024.12.01"]
[EventType "tourn"]
[EventRounds "13"]
[EventCountry "KAZ"]
[SourceTitle "CB51_2024"]
[SourceDate "2024.12.18"]
[SourceVersion "1"]
[SourceVersionDate "2024.12.18"]
[SourceQuality "1"]

1. e4 e6 2. d4 d5 3. Nd2 c5 4. Ngf3 cxd4 5. exd5 Qxd5 6. Bc4 Qd6 7. 0-0 Nf6 8. Nb3 Nc6 9. Nbxd4 Nxd4 10. Nxd4 a6 11. a4 Qc7 12. Bb3 Bd6 13. Nf3 0-0 14. Qe2 b6 15. Bg5 Bb7 16. h3 Ne4 17. Rad1 h6 18. Be3 Rfd8 19. c3 Rd7 20. Nd4 Re8 21. Bc4 Qc8 22. Nf3 Nc5 23. Bxc5 bxc5 24. b3 Qc6 25. Rd2 Red8 26. Rfd1 Kh8 27. Rd3 Qe4 28. Re3 Qg6 29. Kh1 e5 30. Ne1 e4 31. g3 f5 32. Ng2 Qg5 33. Be6 Re7 34. Bd5 f4 35. gxf4 Bxf4 36. Bxb7 Rxd1+ 37. Qxd1 Bxe3 38. Qd8+ Kh7 39. Bd5 Bxf2 40. Bg8+ Kg6 41. Qd6+ Qf6 42. Nf4+ Kg5 43. Ne6+ Kh4 44. Kh2 Re8 45. Qd5 Rxe6 46. Bxe6 Bg3+ 0-1

[Event "KAZ-ch (Women)"]
[Site "Astana"]
[Date "2024.12.01"]
[Round "1"]
[White "Bauyrzhan, Arnash"]
[Black "Kaliakhmet, Elnaz"]
[Result "0-1"]
[WhiteElo "1945"]
[BlackElo "2113"]
[PlyCount "140"]
[EventDate "2024.12.01"]
[EventType "tourn"]
[EventRounds "13"]
[EventCountry "KAZ"]
[SourceTitle "CB51_2024"]
[SourceDate "2024.12.18"]
[SourceVersion "1"]
[SourceVersionDate "2024.12.18"]
[SourceQuality "1"]

1. e4 e6 2. d4 d5 3. Bd3 dxe4 4. Bxe4 Nf6 5. Bf3 c5 6. Ne2 Nc6 7. Be3 cxd4 8. Nxd4 Ne5 9. Nc3 a6 10. Qe2 Nxf3+ 11. gxf3 Nd5 12. Nxd5 Qxd5 13. Rg1 e5 14. Nb3 Be6 15. Rd1 Qb5 16. Qd2 Qc6 17. f4 exf4 18. Bxf4 Qe4+ 19. Be3 Be7 20. Qd3 Qxd3 21. Rxd3 Bf5 22. Rd2 0-0 23. Nd4 Bg6 24. Kd1 Rac8 25. Kc1 b5 26. f4 Be4 27. Bf2 Bd6 28. Ne2 Bc7 29. Bd4 f6 30. c3 Kf7 31. Rf1 Rfe8 32. Ng3 b4 33. Re2 Bd3 34. Rxe8 Rxe8 35. Rf3 Be4 36. Rf2 bxc3 37. Bxc3 Bd5 38. b3 Bb6 39. Re2 Bg1 40. h3 Be3+ 41. Bd2 Rc8+ 42. Kb2 Bd4+ 43. Kb1 g6 44. Bb4 Be6 45. h4 Bc3 46. Ba3 h5 47. Bb2 Bg4 48. Re4 Bxb2 49. Kxb2 Rd8 50. Kc3 Rd1 51. Rb4 f5 52. Rb7+ Kf8 53. Rb8+ Ke7 54. Rb7+ Kf6 55. Rb6+ Kg7 56. Re6 Rg1 57. Re3 Rg2 58. a4 Rf2 59. b4 Rxf4 60. a5 Rf2 61. Rd3 Ra2 62. Kd4 Rc2 63. Ke5 Rc4 64. Rd7+ Kh6 65. Kf6 f4 66. Rd8 Rc6+ 67. Kf7 Rc7+ 68. Kf6 fxg3 69. Rh8+ Rh7 70. Rg8 Bf5 0-1

[Event "Kazakhstan Cup Final (Women)"]
[Site "Almaty"]
[Date "2024.11.12"]
[Round "1.1"]
[White "Kurmangaliyeva, Liya"]
[Black "Bauyrzhan, Arnash"]
[Result "0-1"]
[WhiteElo "2324"]
[BlackElo "1928"]
[PlyCount "78"]
[EventDate "2024.11.12"]
[EventType "k.o."]
[EventRounds "4"]
[EventCountry "KAZ"]
[SourceTitle "CB47_2024"]
[SourceDate "2024.11.20"]
[SourceVersion "1"]
[SourceVersionDate "2024.11.20"]
[SourceQuality "1"]

1. e4 c5 2. Nf3 a6 3. c3 e6 4. g3 d6 5. Bg2 Nf6 6. Qe2 Nc6 7. d4 cxd4 8. cxd4 d5 9. e5 Ne4 10. 0-0 Bd7 11. Rd1 Rc8 12. Be3 Nb4 13. Na3 Rc2 14. Nd2 Rxb2 15. Bxe4 Nxa2 16. Bd3 Bxa3 17. Qg4 Bf8 18. Nf3 Nb4 19. Bg5 Qb6 20. Rac1 Nxd3 21. Rxd3 Rb1 22. Rdc3 Rxc1+ 23. Bxc1 h5 24. Qg5 Qa5 25. Bd2 Qd8 26. Qf4 Be7 27. h4 Bb5 28. g4 Bc4 29. gxh5 Rxh5 30. Ng5 Bxg5 31. hxg5 Qb6 32. Rc1 Qb3 33. Be3 Qd3 34. Qf3 Rxg5+ 35. Kh2 Qh7+ 36. Qh3 Rh5 37. Qxh5 Qxh5+ 38. Kg3 Kd7 39. Ra1 Be2 0-1

[Event "Korumdu Issykkul op-A"]
[Site "Korumdu"]
[Date "2024.06.26"]
[Round "8"]
[White "Bauyrzhan, Arnash"]
[Black "Pranay, Akula"]
[Result "1/2-1/2"]
[WhiteElo "2028"]
[BlackElo "2016"]
[PlyCount "78"]
[EventDate "2024.06.22"]
[EventType "swiss"]
[EventRounds "10"]
[EventCountry "KGZ"]
[SourceTitle "CBM 220 Extra"]
[Source "ChessBase"]
[SourceDate "2024.07.31"]
[SourceVersion "1"]
[SourceVersionDate "2024.07.31"]
[SourceQuality "1"]

1. e4 c5 2. Nf3 e6 3. d4 cxd4 4. Nxd4 Nf6 5. Bd3 Nc6 6. Nxc6 bxc6 7. Bf4 d5 8. Nd2 Be7 9. 0-0 0-0 10. e5 Nd7 11. Re1 g6 12. Bh6 Re8 13. Nf3 a5 14. Nd4 Qc7 15. Qe2 Nc5 16. Qg4 Nxd3 17. cxd3 f5 18. Qg3 Bd7 19. Nf3 c5 20. h4 Bf8 21. Bxf8 Rxf8 22. h5 Be8 23. Rac1 Rc8 24. Ng5 Qe7 25. d4 h6 26. Nh3 g5 27. Rxc5 Rxc5 28. dxc5 Qxc5 29. Nf4 Qb4 30. Nd3 Qd2 31. f4 g4 32. Kh2 Bf7 33. Rc1 Bxh5 34. Rc7 Bf7 35. Nc5 h5 36. Nd7 Rd8 37. Nf6+ Kf8 38. Nh7+ Ke8 39. Nf6+ Kf8 1/2-1/2

[Event "Korumdu Issykkul op-A"]
[Site "Korumdu"]
[Date "2024.06.26"]
[Round "9"]
[White "Momunaliev, Ruslan"]
[Black "Bauyrzhan, Arnash"]
[Result "1/2-1/2"]
[WhiteElo "1904"]
[BlackElo "2028"]
[PlyCount "65"]
[EventDate "2024.06.22"]
[EventType "swiss"]
[EventRounds "10"]
[EventCountry "KGZ"]
[SourceTitle "CBM 220 Extra"]
[Source "ChessBase"]
[SourceDate "2024.07.31"]
[SourceVersion "1"]
[SourceVersionDate "2024.07.31"]
[SourceQuality "1"]

1. g3 e5 2. Nf3 d6 3. Bg2 Nf6 4. 0-0 Be7 5. c4 0-0 6. d4 Nbd7 7. Nc3 c6 8. e4 Qc7 9. d5 a5 10. h3 b6 11. dxc6 Qxc6 12. b3 Nc5 13. Qc2 Be6 14. Nh4 Rfe8 15. Nf5 Bf8 16. Nd5 Bxd5 17. exd5 Qc7 18. f4 Nfd7 19. fxe5 Nxe5 20. Be3 g6 21. Nh6+ Bxh6 22. Bxh6 f5 23. Kh1 Nf7 24. Bf4 Re7 25. Rae1 Rae8 26. Qc3 Ne4 27. Bxe4 Rxe4 28. Rxe4 Rxe4 29. Re1 Qe7 30. Be3 h5 31. Bf2 Re2 32. Rxe2 Qxe2 33. Kg2 1/2-1/2

[Event "Korumdu Issykkul op-A"]
[Site "Korumdu"]
[Date "2024.06.24"]
[Round "5"]
[White "Tenuunbold, Battulga"]
[Black "Bauyrzhan, Arnash"]
[Result "1-0"]
[WhiteElo "2089"]
[BlackElo "2028"]
[PlyCount "103"]
[EventDate "2024.06.22"]
[EventType "swiss"]
[EventRounds "10"]
[EventCountry "KGZ"]
[SourceTitle "CBM 220 Extra"]
[Source "ChessBase"]
[SourceDate "2024.07.31"]
[SourceVersion "1"]
[SourceVersionDate "2024.07.31"]
[SourceQuality "1"]

1. d4 d5 2. c4 e6 3. Nc3 Be7 4. cxd5 exd5 5. Bf4 c6 6. e3 Bf5 7. g4 Be6 8. h4 Qb6 9. Rb1 Nf6 10. f3 Na6 11. Bd3 Nb4 12. Nge2 h5 13. g5 Nd7 14. g6 Nxd3+ 15. Qxd3 fxg6 16. Qxg6+ Bf7 17. Qf5 Nf8 18. Bg5 Bxg5 19. Qxg5 Ne6 20. Qf5 Rh6 21. Rg1 Qd8 22. Qh3 Qf6 23. Rc1 g5 24. Kd2 gxh4 25. f4 Ke7 26. Rcf1 b5 27. e4 b4 28. Nxd5+ cxd5 29. e5 Qh8 30. f5 Rg8 31. fxe6 Bxe6 32. Qb3 a5 33. Qa4 Rhg6 34. Rxg6 Rxg6 35. Qxa5 Qh6+ 36. Kd1 h3 37. Qxb4+ Ke8 38. Qb8+ Kd7 39. Qd6+ Ke8 40. Qc6+ Ke7 41. Qc7+ Ke8 42. Qb8+ Kd7 43. Rf8 Qxf8 44. Qxf8 h2 45. Qf1 Rg1 46. Qxg1 hxg1Q+ 47. Nxg1 h4 48. Ke1 Kc6 49. Kf2 Kb5 50. Nf3 h3 51. Ng5 h2 52. Kg2 1-0

[Event "Korumdu Issykkul op-A"]
[Site "Korumdu"]
[Date "2024.06.22"]
[Round "1"]
[White "Bauyrzhan, Arnash"]
[Black "Orozbaev, Eldiar"]
[Result "0-1"]
[WhiteElo "2028"]
[BlackElo "2381"]
[PlyCount "60"]
[EventDate "2024.06.22"]
[EventType "swiss"]
[EventRounds "10"]
[EventCountry "KGZ"]
[SourceTitle "CBM 220 Extra"]
[Source "ChessBase"]
[SourceDate "2024.07.31"]
[SourceVersion "1"]
[SourceVersionDate "2024.07.31"]
[SourceQuality "1"]

1. e4 e6 2. d4 d5 3. Bd3 dxe4 4. Bxe4 Nf6 5. Bf3 c5 6. Ne2 Be7 7. Nbc3 Nc6 8. Be3 Qa5 9. a3 0-0 10. Bxc6 bxc6 11. dxc5 Rd8 12. Qb1 Qc7 13. h3 Ba6 14. 0-0 Nd5 15. Nxd5 cxd5 16. Re1 Bxe2 17. Rxe2 d4 18. Bd2 Bxc5 19. Qe1 Rd5 20. c4 Rf5 21. b4 d3 22. Be3 dxe2 23. bxc5 Qe5 24. Ra2 Rb8 25. Rxe2 Qe4 26. Qc3 Rxc5 27. Bxc5 Qxe2 28. Bxa7 Rc8 29. Bd4 Qxc4 30. Qe3 Qc1+ 0-1

[Event "Titled Tuesday intern op 30th Apr Early"]
[Site "Chess.com INT"]
[Date "2024.04.30"]
[Round "1"]
[White "Bauyrzhan, Arnash"]
[Black "Tokman, Ariel"]
[Result "0-1"]
[WhiteElo "2029"]
[BlackElo "2399"]
[PlyCount "44"]
[EventDate "2024.04.30"]
[EventType "swiss (blitz)"]
[EventRounds "11"]
[EventCountry "USA"]
[SourceTitle "CBM 220 Extra"]
[Source "ChessBase"]
[SourceDate "2024.07.31"]
[SourceVersion "1"]
[SourceVersionDate "2024.07.31"]
[SourceQuality "1"]

1. e4 e5 2. Nf3 Nc6 3. d4 exd4 4. Bc4 Bc5 5. c3 Nf6 6. cxd4 Bb4+ 7. Bd2 Bxd2+ 8. Nbxd2 d5 9. exd5 Nxd5 10. 0-0 0-0 11. Ne4 Bg4 12. Nc3 Nb6 13. Be2 Re8 14. h3 Bh5 15. d5 Nb4 16. Nd4 Bxe2 17. Ncxe2 N4xd5 18. Rc1 Qf6 19. Nb5 c6 20. Nec3 Rad8 21. Nd4 Nxc3 22. bxc3 c5 0-1

[Event "Titled Tuesday intern op 30th Apr Early"]
[Site "Chess.com INT"]
[Date "2024.04.30"]
[Round "2"]
[White "Mogirzan, Matei Valeriu"]
[Black "Bauyrzhan, Arnash"]
[Result "1-0"]
[WhiteElo "1930"]
[BlackElo "2029"]
[PlyCount "53"]
[EventDate "2024.04.30"]
[EventType "swiss (blitz)"]
[EventRounds "11"]
[EventCountry "USA"]
[SourceTitle "CBM 220 Extra"]
[Source "ChessBase"]
[SourceDate "2024.07.31"]
[SourceVersion "1"]
[SourceVersionDate "2024.07.31"]
[SourceQuality "1"]

1. e4 c5 2. Nf3 e6 3. d4 cxd4 4. Nxd4 a6 5. Nc3 Qc7 6. a3 Nf6 7. f4 d6 8. Be3 Be7 9. g4 Nc6 10. g5 Nd7 11. Nf5 exf5 12. Nd5 Qa5+ 13. b4 Qd8 14. exf5 0-0 15. Bc4 Nde5 16. fxe5 Nxe5 17. f6 Bxf6 18. gxf6 Bg4 19. Rg1 Bxd1 20. Kxd1 Nxc4 21. Bh6 Re8 22. Rxg7+ Kh8 23. Rxf7 Re5 24. Ne7 Ne3+ 25. Kc1 Nf5 26. Bg7+ Nxg7 27. fxg7# 1-0

[Event "Titled Tuesday intern op 30th Apr Early"]
[Site "Chess.com INT"]
[Date "2024.04.30"]
[Round "7"]
[White "Schutte, Wian"]
[Black "Bauyrzhan, Arnash"]
[Result "1/2-1/2"]
[WhiteElo "1745"]
[BlackElo "2029"]
[PlyCount "103"]
[EventDate "2024.04.30"]
[EventType "swiss (blitz)"]
[EventRounds "11"]
[EventCountry "USA"]
[SourceTitle "CBM 220 Extra"]
[Source "ChessBase"]
[SourceDate "2024.07.31"]
[SourceVersion "1"]
[SourceVersionDate "2024.07.31"]
[SourceQuality "1"]

1. e4 c5 2. Nf3 e6 3. c3 Nc6 4. d4 d5 5. exd5 exd5 6. Bb5 Bd6 7. Qe2+ Nge7 8. 0-0 0-0 9. Re1 a6 10. Bd3 Bf5 11. a3 Re8 12. Bg5 f6 13. Be3 c4 14. Bxf5 Nxf5 15. Qd2 Qc7 16. h3 Re7 17. g4 Nxe3 18. Rxe3 Rae8 19. Kg2 Bf4 20. Rxe7 Rxe7 21. Qc2 Re4 22. Nbd2 Re2 23. Re1 Qe7 24. Rxe2 Qxe2 25. Qc1 Na5 26. Qf1 Qxf1+ 27. Kxf1 Nb3 28. Ke2 Nc1+ 29. Kf1 Nd3 30. b3 b5 31. b4 Nb2 32. Ke2 Na4 33. Nb1 Bc1 34. Nh4 Nb2 35. Nf5 Kf7 36. Nd6+ Ke6 37. Nb7 Ke7 38. Nc5 Nd3 39. Nxa6 Bb2 40. Nc7 Nc1+ 41. Kd1 Kd6 42. Nxb5+ Kc6 43. a4 Na2 44. N1a3 Bxa3 45. Nxa3 Nxc3+ 46. Kc2 Nxa4 47. Kd2 Nb6 48. Kc3 Na4+ 49. Kc2 Nb6 50. Kc3 Na4+ 51. Kc2 Nb6 52. Kc3 1/2-1/2

[Event "Titled Tuesday intern op 09th Apr Early"]
[Site "Chess.com INT"]
[Date "2024.04.09"]
[Round "2"]
[White "Bauyrzhan, Arnash"]
[Black "Gokhale, Rishabh Chandrashek"]
[Result "0-1"]
[WhiteElo "2029"]
[BlackElo "2079"]
[PlyCount "102"]
[EventDate "2024.04.09"]
[EventType "swiss (blitz)"]
[EventRounds "11"]
[EventCountry "USA"]
[SourceTitle "EXT 2025"]
[Source "ChessBase"]
[SourceDate "2024.10.14"]
[SourceVersion "1"]
[SourceVersionDate "2024.10.14"]
[SourceQuality "1"]

1. e4 a6 2. d4 e6 3. Nf3 d5 4. exd5 exd5 5. Bd3 Nf6 6. 0-0 Be7 7. h3 0-0 8. c3 b5 9. a4 b4 10. Bg5 a5 11. Ne5 h6 12. Bh4 Ne4 13. Bxe7 Qxe7 14. Bxe4 dxe4 15. Nd2 Bb7 16. Qg4 Nc6 17. Qxe4 Rfe8 18. Rfe1 Nd8 19. Qf4 Ne6 20. Qg3 bxc3 21. bxc3 c5 22. Ndf3 cxd4 23. Nxd4 Rac8 24. Nf5 Qf6 25. Nd6 Bd5 26. Nxe8 Rxe8 27. Rad1 Bb3 28. Rd7 Nc5 29. Rc7 Qd6 30. Rc6 Qf8 31. Rb1 Bxa4 32. Rc7 Ne4 33. Qf4 Nd6 34. Ra7 Bc2 35. Rc1 Bb3 36. Rxa5 f6 37. Ng6 Qf7 38. Qxd6 Qxg6 39. Qg3 Qf7 40. Rc5 Re7 41. Rc8+ Kh7 42. c4 f5 43. Qxb3 Re2 44. c5 Qxb3 45. c6 Rxf2 46. Kxf2 Qb2+ 47. Kg3 Qxc1 48. Kh2 Qf4+ 49. Kh1 Qf1+ 50. Kh2 Qa6 51. Rf8 Kg6 0-1

[Event "Titled Tuesday intern op 02nd Apr Early"]
[Site "Chess.com INT"]
[Date "2024.04.02"]
[Round "10"]
[White "Nikulina, Alena"]
[Black "Bauyrzhan, Arnash"]
[Result "0-1"]
[WhiteElo "1906"]
[BlackElo "2029"]
[PlyCount "92"]
[EventDate "2024.04.02"]
[EventType "swiss (blitz)"]
[EventRounds "11"]
[EventCountry "USA"]
[SourceTitle "CBM 219 Extra"]
[Source "ChessBase"]
[SourceDate "2024.05.31"]
[SourceVersion "1"]
[SourceVersionDate "2024.05.31"]
[SourceQuality "1"]

1. e4 c5 2. Nf3 e6 3. d4 cxd4 4. Nxd4 a6 5. c4 Nf6 6. Nc3 Bb4 7. Qd3 Qc7 8. Be2 Nc6 9. Nxc6 dxc6 10. 0-0 e5 11. f3 Bc5+ 12. Be3 Bxe3+ 13. Qxe3 0-0 14. Rfd1 Be6 15. c5 Rad8 16. b4 Nh5 17. g3 Rd4 18. Rxd4 exd4 19. Qxd4 Nxg3 20. Bc4 Rd8 21. Qf2 Nxe4 22. Nxe4 Bxc4 23. Nd6 Bd5 24. Re1 Qd7 25. a3 Qh3 26. Qg3 Qxg3+ 27. hxg3 Bxf3 28. Re7 Bd5 29. Rxb7 Ra8 30. Kf2 g6 31. Ke3 a5 32. b5 cxb5 33. Rxb5 a4 34. Kd4 Be6 35. Ne4 Rc8 36. Ra5 Bb3 37. Nd6 Rc6 38. Nc4 h5 39. Nb6 g5 40. Nxa4 h4 41. Ra8+ Kg7 42. Nc3 hxg3 43. Ne4 g2 44. Rb8 g1Q+ 45. Kc3 Bd5 46. Nd6 Qg3+ 0-1

[Event "Titled Tuesday intern op 02nd Apr Early"]
[Site "Chess.com INT"]
[Date "2024.04.02"]
[Round "1"]
[White "Shapiro, Viktor"]
[Black "Bauyrzhan, Arnash"]
[Result "1-0"]
[WhiteElo "2113"]
[BlackElo "2029"]
[PlyCount "57"]
[EventDate "2024.04.02"]
[EventType "swiss (blitz)"]
[EventRounds "11"]
[EventCountry "USA"]
[SourceTitle "CBM 219 Extra"]
[Source "ChessBase"]
[SourceDate "2024.05.31"]
[SourceVersion "1"]
[SourceVersionDate "2024.05.31"]
[SourceQuality "1"]

1. c4 Nf6 2. Nc3 e5 3. g3 Nc6 4. Bg2 Bb4 5. Nf3 d6 6. 0-0 0-0 7. d3 Be6 8. Bg5 Bxc3 9. bxc3 h6 10. Bd2 e4 11. Nd4 Nxd4 12. cxd4 exd3 13. exd3 d5 14. c5 b6 15. Qc2 bxc5 16. Qxc5 Nd7 17. Qa3 Qf6 18. Rac1 Qxd4 19. Rxc7 Ne5 20. Be3 Qxd3 21. Qxd3 Nxd3 22. Bxa7 Rfc8 23. Rxc8+ Rxc8 24. Rb1 d4 25. a4 Nc5 26. a5 d3 27. Bf3 d2 28. Rd1 Nb3 29. Bb6 1-0

[Event "Swiss Queens Wed #9"]
[Site "FIDE Online Arena INT"]
[Date "2024.03.27"]
[Round "4"]
[White "Farhat Willemstein, Stela Souza"]
[Black "Bauyrzhan, Arnash"]
[Result "0-1"]
[WhiteElo "1855"]
[BlackElo "2029"]
[PlyCount "37"]
[EventDate "2024.03.27"]
[EventType "swiss (blitz)"]
[EventRounds "11"]
[EventCountry "NET"]
[SourceTitle "CBM 219 Extra"]
[Source "ChessBase"]
[SourceDate "2024.05.31"]
[SourceVersion "1"]
[SourceVersionDate "2024.05.31"]
[SourceQuality "1"]

1. e4 c5 2. Nf3 e6 3. d4 cxd4 4. Nxd4 a6 5. Nc3 Qc7 6. Be3 Bb4 7. Qd2 Nf6 8. f3 d5 9. 0-0-0 dxe4 10. f4 Nd5 11. Be2 Nxc3 12. bxc3 Bxc3 13. Nb3 Bxd2+ 14. Rxd2 0-0 15. Rhd1 Nc6 16. g4 Nb4 17. a3 Na2+ 18. Kb2 Nc3 19. Rc1 0-1

[Event "Swiss Queens Wed #9"]
[Site "FIDE Online Arena INT"]
[Date "2024.03.27"]
[Round "6"]
[White "Pragnya, HG."]
[Black "Bauyrzhan, Arnash"]
[Result "1-0"]
[WhiteElo "1900"]
[BlackElo "2029"]
[PlyCount "69"]
[EventDate "2024.03.27"]
[EventType "swiss (blitz)"]
[EventRounds "11"]
[EventCountry "NET"]
[SourceTitle "CBM 219 Extra"]
[Source "ChessBase"]
[SourceDate "2024.05.31"]
[SourceVersion "1"]
[SourceVersionDate "2024.05.31"]
[SourceQuality "1"]

1. e4 c5 2. Nf3 e6 3. d4 cxd4 4. Nxd4 a6 5. Bd3 Nf6 6. c4 Bb4+ 7. Bd2 Bxd2+ 8. Qxd2 Qc7 9. 0-0 Nc6 10. Nc2 Ne5 11. Ne3 b6 12. Nc3 Bb7 13. f3 0-0 14. Kh1 Rad8 15. Rac1 Qb8 16. Be2 d6 17. Qe1 d5 18. cxd5 exd5 19. f4 Ng6 20. e5 d4 21. exf6 dxe3 22. fxg7 Kxg7 23. f5 Bxg2+ 24. Kxg2 Nf4+ 25. Rxf4 Qxf4 26. Qg3+ Qxg3+ 27. hxg3 Rd2 28. Kf3 Rxb2 29. Kxe3 Re8+ 30. Kf3 Kf6 31. g4 h5 32. Ne4+ Ke5 33. Bxa6 Kd4 34. Rc4+ Kd5 35. Nf6+ 1-0

[Event "Titled Tuesday intern op 26th Mar Early"]
[Site "Chess.com INT"]
[Date "2024.03.26"]
[Round "9"]
[White "Baches Garcia, Guillermo"]
[Black "Bauyrzhan, Arnash"]
[Result "1-0"]
[WhiteElo "2321"]
[BlackElo "2029"]
[PlyCount "77"]
[EventDate "2024.03.26"]
[EventType "swiss (blitz)"]
[EventRounds "11"]
[EventCountry "USA"]
[SourceTitle "EXT 2025"]
[Source "ChessBase"]
[SourceDate "2024.10.14"]
[SourceVersion "1"]
[SourceVersionDate "2024.10.14"]
[SourceQuality "1"]

1. e4 c5 2. Nf3 e6 3. c4 a6 4. Nc3 Nc6 5. Be2 d6 6. 0-0 Nd4 7. Nxd4 cxd4 8. Nb1 Nf6 9. d3 Be7 10. f4 Qc7 11. Nd2 e5 12. f5 Bd7 13. Nf3 h6 14. b3 Bc6 15. Qe1 g6 16. fxg6 fxg6 17. Nh4 g5 18. Nf5 0-0-0 19. Qg3 Rdf8 20. Bd2 Ne8 21. b4 Bd8 22. a4 Bd7 23. b5 Bxf5 24. Rxf5 Rxf5 25. Bg4 Ng7 26. Rf1 h5 27. Bxf5+ Nxf5 28. Rxf5 g4 29. Qf2 axb5 30. axb5 h4 31. Rf7 Qc5 32. Qf5+ Kb8 33. Qd7 Qb6 34. Ba5 Qa7 35. Bxd8 Qa1+ 36. Rf1 Qc3 37. Qxd6+ Ka8 38. Bb6 g3 39. Rf8+ 1-0

[Event "Titled Tuesday intern op 26th Mar Early"]
[Site "Chess.com INT"]
[Date "2024.03.26"]
[Round "6"]
[White "Bauyrzhan, Arnash"]
[Black "Hernando Rodrigo, Julio Antonio"]
[Result "1-0"]
[WhiteElo "2029"]
[BlackElo "2223"]
[PlyCount "91"]
[EventDate "2024.03.26"]
[EventType "swiss (blitz)"]
[EventRounds "11"]
[EventCountry "USA"]
[SourceTitle "EXT 2025"]
[Source "ChessBase"]
[SourceDate "2024.10.14"]
[SourceVersion "1"]
[SourceVersionDate "2024.10.14"]
[SourceQuality "1"]

1. e4 e6 2. d4 d5 3. Nd2 c5 4. Ngf3 Nc6 5. Bb5 cxd4 6. Nxd4 Bd7 7. Nxc6 bxc6 8. Bd3 Bd6 9. Nf3 Ne7 10. e5 Bc7 11. 0-0 c5 12. c4 d4 13. Bg5 h6 14. Bf4 g5 15. Bg3 Nf5 16. Re1 Qe7 17. Bxf5 exf5 18. e6 Bxe6 19. Bxc7 Qxc7 20. Qa4+ Qd7 21. Qa5 Rc8 22. Ne5 Qc7 23. Qb5+ Kf8 24. Ng6+ Kg7 25. Nxh8 Rxh8 26. Qb3 Rd8 27. Rad1 f4 28. Qd3 Qd7 29. Re5 Qd6 30. Rde1 a5 31. b3 a4 32. h4 gxh4 33. Qf3 Rg8 34. Qxf4 Kf8 35. Qxh6+ Ke7 36. Qxh4+ Kd7 37. g3 axb3 38. axb3 Qb8 39. Qf6 Rg6 40. Qf4 Qb6 41. Qe4 Qd6 42. Ra1 Ke7 43. Ra7+ Kf6 44. Qf4+ Bf5 45. Qxf5+ Kg7 46. Qxf7+ 1-0